| 000 | 00713nam a2200229 a 4500 | ||
|---|---|---|---|
| 001 | ASIN1850659567 | ||
| 005 | 20170105102903.0 | ||
| 008 | 131021s2009 xxu eng d | ||
| 020 | _a1850659567 (paperback) | ||
| 020 | _a9781850659563 (paperback) | ||
| 040 | _a0 | ||
| 050 | 0 | 4 | _aBX1390 |
| 082 | 0 | 4 | _a282.09045 |
| 100 | 1 | _aLINDEN, IAN. | |
| 245 | 1 | 0 |
_aGlobal catholicism : _bdiversity and change since vatican ii / _cIAN LINDEN. |
| 260 |
_a[S.l.] : _bC HURST & CO PUBLISHERS LTD, _c2009. |
||
| 300 |
_a1 v. (unpaged) ; _c22 cm. |
||
| 650 | 0 | _aCatholic Church | |
| 650 | 0 | _aVatican Council | |
| 856 | 4 | 0 |
_3Amazon.com _uhttp://www.amazon.com/exec/obidos/ASIN/1850659567/chopaconline-20 |
| 942 |
_2ddc _cBK |
||
| 999 |
_c14752 _d14752 |
||